Rubber krishi paadamaala.3.Tappingum samskaranavum (Record no. 44414)

MARC details
000 -LEADER
fixed length control field 00301nam a2200109Ia 4500
082 ## - DEWEY DECIMAL CLASSIFICATION NUMBER
Classification number NR:63(036)
Item number NAI.3
100 ## - MAIN ENTRY--AUTHOR NAME
Personal name Nair, M G S
245 #0 - TITLE STATEMENT
Title Rubber krishi paadamaala.3.Tappingum samskaranavum
260 ## - PUBLICATION, DISTRIBUTION, ETC. (IMPRINT)
Place of publication Kottayam
Name of publisher Rubber Board
Year of publication 2010
942 ## - ADDED ENTRY ELEMENTS (KOHA)
Koha item type Books
Holdings
Withdrawn status Lost status Damaged status Not for loan Home library Current library Date acquired Source of acquisition Full call number Accession Number Koha item type
        RRII Library RRII Library 16/12/2021 Gift NR:63(036) NAI.3 G01161 Books